000 00666nam a2200217Ia 4500
005 20220302114718.0
008 210716s2010 xx 000 0 und d
020 _a9780070083233
040 _cAIMIT LIBRARY
041 _aeng
082 _a519.5
_23
_bBERG
100 _aBeri, G C.
_922293
245 _aBusiness statistics /
_cBy G C Beri
250 _a3 rd ed.
260 _aNew Delhi :
_bTata McGraw Hill Publishing Company Ltd ,
_c2010 .
300 _axviii,802p. ;
_c24 cm.
650 _aCollection of data
_922294
650 _aTabulation of collected data
_922295
650 _aMeasures of central tendency
_922296
942 _2ddc
_cBK
_e3rd
_k519.5 BERG
999 _c203934
_d203934